<?xml version="1.0" encoding="UTF-8"?>
<record
    xmlns:xsi="http://www.w3.org/2001/XMLSchema-instance"
    xsi:schemaLocation="http://www.loc.gov/MARC21/slim http://www.loc.gov/standards/marcxml/schema/MARC21slim.xsd"
    xmlns="http://www.loc.gov/MARC21/slim">

  <leader>05449nam a2200457 a 4500</leader>
  <controlfield tag="001">dia_393</controlfield>
  <controlfield tag="003">CHAP</controlfield>
  <controlfield tag="005">20260227125253.0</controlfield>
  <controlfield tag="007">ta</controlfield>
  <controlfield tag="008">220117s1999    mx ad  frm    001 0 spa d</controlfield>
  <datafield tag="010" ind1=" " ind2=" ">
    <subfield code="a">170945</subfield>
  </datafield>
  <datafield tag="040" ind1=" " ind2=" ">
    <subfield code="a">mxchpua</subfield>
    <subfield code="c">CHAP</subfield>
    <subfield code="e">rda</subfield>
  </datafield>
  <datafield tag="041" ind1="0" ind2=" ">
    <subfield code="a">spa</subfield>
    <subfield code="b">eng</subfield>
  </datafield>
  <datafield tag="090" ind1=" " ind2=" ">
    <subfield code="a">Tesis</subfield>
    <subfield code="b">B73</subfield>
    <subfield code="c">1999</subfield>
  </datafield>
  <datafield tag="100" ind1="1" ind2=" ">
    <subfield code="a">Bravo Molina, Jos&#xE9; de Jes&#xFA;s</subfield>
  </datafield>
  <datafield tag="245" ind1="1" ind2="0">
    <subfield code="a">Efecto del grado de extracci&#xF3;n de harina del trigo (Triticum aestivum L.) sobre sus propiedades fisicoqu&#xED;micas y de panificaci&#xF3;n /</subfield>
    <subfield code="c">Jos&#xE9; de Jes&#xFA;s Bravo Molina y Gabino Rafael Ortiz Hern&#xE1;ndez</subfield>
  </datafield>
  <datafield tag="264" ind1=" " ind2=" ">
    <subfield code="a">Chapingo, M&#xE9;xico :</subfield>
    <subfield code="b">El autor,</subfield>
    <subfield code="c">1999</subfield>
  </datafield>
  <datafield tag="300" ind1=" " ind2=" ">
    <subfield code="a">vii, 74 hojas :</subfield>
    <subfield code="b">ilustraciones, tablas, gr&#xE1;ficas</subfield>
  </datafield>
  <datafield tag="336" ind1=" " ind2=" ">
    <subfield code="2">rdacontent</subfield>
    <subfield code="a">texto</subfield>
    <subfield code="b">txt</subfield>
  </datafield>
  <datafield tag="337" ind1=" " ind2=" ">
    <subfield code="2">rdamedia</subfield>
    <subfield code="a">no mediado</subfield>
    <subfield code="b">n</subfield>
  </datafield>
  <datafield tag="338" ind1=" " ind2=" ">
    <subfield code="2">rdacarrier</subfield>
    <subfield code="a">volumen</subfield>
    <subfield code="b">nc</subfield>
  </datafield>
  <datafield tag="502" ind1=" " ind2=" ">
    <subfield code="a">Tesis</subfield>
    <subfield code="b">(Ingeniero Agroindustrial) --</subfield>
    <subfield code="c">UACh. Departamento de Ingenier&#xED;a Agroindustrial,</subfield>
    <subfield code="d">1999</subfield>
  </datafield>
  <datafield tag="504" ind1=" " ind2=" ">
    <subfield code="a">Bibliograf&#xED;a: hojas 63-66</subfield>
  </datafield>
  <datafield tag="520" ind1="3" ind2=" ">
    <subfield code="a">EI grado de extracci&#xF3;n de las harinas en el proceso de molienda influye sobre las propiedades fisicoquimicas y de panificaci&#xF3;n, incorporadas en las variedades de trigo (Triticum aestivum) en su proceso de formaci&#xF3;n por el programa de mejoramiento. El objetivo de este trabajo fue evaluar los efectos de diferentes porcentajes de extraccion de harina (71, 72, 74, 76 y 78%), obtenidos en un molino experimental Buhler MLU-202, sobre las caracteristicas de calidad de dos variedades de trigos harineros: Arandas F89 (grano duro y gluten fuerte) y Salamanca S75 (grano suave y gluten d&#xE9;bil). Las harinas se evaluaron por contenido de cenizas y color para determinar calidad molinera. El an&#xE1;lisis reol&#xF3;gico y de panificaci&#xF3;n se realiz&#xF3; para medir el grado de deterioro del potencial de panificaci&#xF3;n relacionado con el incremento de porcentaje de extracci&#xF3;n. De las variables de calidad evaluadas, en las harinas extraidas de ambas variedades, el contenido de cenizas y el indice"L" de color medido en el Hunter Lab aumentaron y disminuyeron, respectivamente, con el aumento del porcentaje de extracci&#xF3;n, y no se observaron diferencias significativas (&#x3B1;=0.05) en el comportamiento molinero de las dos variedades. El contenido de proteina aument&#xF3; ligeramente en ambas variedades. Los valores de fuerza general (W del alve&#xF3;grafo) fueron superiores para las extracciones al 71% que las obtenidas para las extracciones al 78%, observandose un decremento gradual y significativo (&#x3B1;=0.05). En los farinogramas y extensogramas se registraron variaciones importantes entre variedades y grados de extracci&#xF3;n, siendo las harinas obtenidas de la variedad Arandas F89 las que tuvieron tiempos &#xF3;ptimos de amasado m&#xE1;s prolongados, con una media de 9.5 minutos. Los vol&#xFA;menes de pan m&#xE1;s altos se obtuvieron de las harinas extraidas a diferentes grados de extracci&#xF3;n de la variedad Arandas F89. Estos resultados permiten se&#xF1;alar un importante efecto del grado de extracci&#xF3;n de harinas sobre las caracteristicas de calidad, debido a la incorporaci&#xF3;n de partes harinosas asociadas al pericarpio y aleurona.</subfield>
  </datafield>
  <datafield tag="520" ind1="3" ind2=" ">
    <subfield code="a">The degree of flour extraction in the milling process influences the physicochemical and breadmaking properties incorporated into wheat varieties (Triticum aestivum) by the breeding program. The objective of this work was to evaluate the effects of increasing flour extraction (71, 72, 74, 76 and 78%), obtained in an experimental Buhler mill Model MLU-202, on the quality characteristics of two bread wheat varieties: Arandas F89 (hard grain and strong gluten strength) and Salamanca S75 (soft grain and weak gluten strength). Flours were evaluated by ash and protein content, color and alveograph, farinograph and breadmaking characteristics. Ash content and"L" Hunter Lab values increased and decreased respectively, with the increase of flour extraction rate and there were no significant differences (&#x3B1;=0.05) observed in both varieties Protein content increased slightly in flours from both varieties. Gluten strength values (W of the Alveograph) were greater for flour extraction at 71% than those for extractions at 78%. It was observed a gradual and signifucant (&#x3B1;=0.05) decrease. In the farinograms and extensograms were registered important variations among varieties and flour extraction rates. Flours from variety Arandas F89 had longer mixing times with an average of 9.5 min. The higest loaves volumenes were obtained from flours of the variety Arandas F89 with diferent degrees of extraction. These results suggest an important effect of flour extraction rate on flour quality characteristics due to the incorporation of bran and aleurone parts</subfield>
  </datafield>
  <datafield tag="650" ind1="1" ind2="3">
    <subfield code="a">Harina de trigo</subfield>
    <subfield code="2">atg</subfield>
  </datafield>
  <datafield tag="650" ind1="1" ind2="3">
    <subfield code="a">Propiedades fisicoqu&#xED;micas</subfield>
    <subfield code="2">atg</subfield>
  </datafield>
  <datafield tag="650" ind1="1" ind2="3">
    <subfield code="a">Propiedades rheol&#xF3;gicas  </subfield>
    <subfield code="2">atg</subfield>
  </datafield>
  <datafield tag="650" ind1="1" ind2="3">
    <subfield code="a">Physicochemical properties  </subfield>
    <subfield code="2">atg</subfield>
  </datafield>
  <datafield tag="650" ind1="1" ind2="3">
    <subfield code="a">Rheological properties</subfield>
    <subfield code="2">atg</subfield>
  </datafield>
  <datafield tag="650" ind1="1" ind2="3">
    <subfield code="a">Wheat flour  </subfield>
    <subfield code="2">atg</subfield>
  </datafield>
  <datafield tag="700" ind1="1" ind2=" ">
    <subfield code="a">Ort&#xED;z Hern&#xE1;ndez, Gabino Rafael</subfield>
    <subfield code="e">autor</subfield>
  </datafield>
  <datafield tag="700" ind1="1" ind2=" ">
    <subfield code="a">Salazar Zazueta, Alfredo</subfield>
    <subfield code="e">director</subfield>
  </datafield>
  <datafield tag="700" ind1="1" ind2=" ">
    <subfield code="a">Castillo Merino, Jorge</subfield>
    <subfield code="e">asesor</subfield>
  </datafield>
  <datafield tag="700" ind1="1" ind2=" ">
    <subfield code="a">Irizar Garza, Martha  B. G.</subfield>
    <subfield code="e">asesor</subfield>
  </datafield>
  <datafield tag="856" ind1="4" ind2="1">
    <subfield code="u">http://10.13.5.2/tesis/1999_BRAVO_MOLINA_JOSE_DE_JESUS_Y_ORTIZ_HERNANDEZ_GABINO_RAFAEL-Tesis.pdf</subfield>
    <subfield code="y">DESCARGAR PDF</subfield>
  </datafield>
  <datafield tag="901" ind1=" " ind2=" ">
    <subfield code="a">TESIS B73 1999</subfield>
  </datafield>
  <datafield tag="902" ind1=" " ind2=" ">
    <subfield code="a">M</subfield>
  </datafield>
  <datafield tag="905" ind1=" " ind2=" ">
    <subfield code="a">5232271999                          mx nm  8223123322spa16</subfield>
  </datafield>
  <datafield tag="942" ind1=" " ind2=" ">
    <subfield code="c">TESIS</subfield>
    <subfield code="2">Clasificaci&#xF3;n Universidad Aut&#xF3;noma Chapingo</subfield>
  </datafield>
  <datafield tag="999" ind1=" " ind2=" ">
    <subfield code="c">170945</subfield>
    <subfield code="d">170945</subfield>
  </datafield>
  <datafield tag="952" ind1=" " ind2=" ">
    <subfield code="0">0</subfield>
    <subfield code="1">0</subfield>
    <subfield code="2">local</subfield>
    <subfield code="4">0</subfield>
    <subfield code="5">5</subfield>
    <subfield code="7">0</subfield>
    <subfield code="8">TESIS</subfield>
    <subfield code="a">IA_</subfield>
    <subfield code="b">IA_</subfield>
    <subfield code="d">2022-01-18</subfield>
    <subfield code="e">El autor</subfield>
    <subfield code="l">0</subfield>
    <subfield code="o">Tesis B73 1999</subfield>
    <subfield code="p">1101003577</subfield>
    <subfield code="r">2026-02-02 00:00:00</subfield>
    <subfield code="t">Ej.2</subfield>
    <subfield code="w">2022-01-18</subfield>
    <subfield code="y">TESIS</subfield>
  </datafield>
  <datafield tag="952" ind1=" " ind2=" ">
    <subfield code="0">0</subfield>
    <subfield code="1">0</subfield>
    <subfield code="2">local</subfield>
    <subfield code="4">0</subfield>
    <subfield code="5">1</subfield>
    <subfield code="7">0</subfield>
    <subfield code="8">TESIS</subfield>
    <subfield code="a">IA_</subfield>
    <subfield code="b">IA_</subfield>
    <subfield code="d">2022-01-18</subfield>
    <subfield code="e">El autor</subfield>
    <subfield code="l">0</subfield>
    <subfield code="o">Tesis B73 1999</subfield>
    <subfield code="p">1101000071</subfield>
    <subfield code="r">2026-02-02 00:00:00</subfield>
    <subfield code="t">Ej.1</subfield>
    <subfield code="w">2022-01-18</subfield>
    <subfield code="y">TESIS</subfield>
  </datafield>
  <datafield tag="952" ind1=" " ind2=" ">
    <subfield code="0">0</subfield>
    <subfield code="1">0</subfield>
    <subfield code="2">local</subfield>
    <subfield code="4">0</subfield>
    <subfield code="7">0</subfield>
    <subfield code="8">TesDigL</subfield>
    <subfield code="a">IA_</subfield>
    <subfield code="b">IA_</subfield>
    <subfield code="c">E_L</subfield>
    <subfield code="d">2022-01-18</subfield>
    <subfield code="e">El autor</subfield>
    <subfield code="l">0</subfield>
    <subfield code="p">1201000071</subfield>
    <subfield code="r">2025-08-15 13:47:37</subfield>
    <subfield code="w">2022-01-18</subfield>
    <subfield code="y">TD</subfield>
  </datafield>
</record>
